<?xml version="1.0" encoding="UTF-8"?>
<record
    xmlns:xsi="http://www.w3.org/2001/XMLSchema-instance"
    xsi:schemaLocation="http://www.loc.gov/MARC21/slim http://www.loc.gov/standards/marcxml/schema/MARC21slim.xsd"
    xmlns="http://www.loc.gov/MARC21/slim">

  <leader>01504cam a2200337 a 4500</leader>
  <controlfield tag="001">000018572</controlfield>
  <controlfield tag="005">20200929165827.0</controlfield>
  <controlfield tag="008">021118s2002    sp            001 0dspa d</controlfield>
  <datafield tag="020" ind1=" " ind2=" ">
    <subfield code="a">8484830799</subfield>
  </datafield>
  <datafield tag="040" ind1=" " ind2=" ">
    <subfield code="a">DO-SdBNP</subfield>
    <subfield code="b">spa</subfield>
    <subfield code="c">LC</subfield>
    <subfield code="d">BNPHU</subfield>
  </datafield>
  <datafield tag="082" ind1=" " ind2=" ">
    <subfield code="a">383.122</subfield>
    <subfield code="b">A696c</subfield>
  </datafield>
  <datafield tag="100" ind1="1" ind2=" ">
    <subfield code="a">Arias Montano, Benito,</subfield>
    <subfield code="d">1527-1598.</subfield>
    <subfield code="9">40162</subfield>
  </datafield>
  <datafield tag="240" ind1="1" ind2="0">
    <subfield code="a">Correspondence.</subfield>
    <subfield code="l">Espa&#xF1;ol.</subfield>
    <subfield code="k">Selecciones.</subfield>
  </datafield>
  <datafield tag="245" ind1="1" ind2="0">
    <subfield code="a">Correspondencia conservada en el museo Plantin-Moretus de Amberes /</subfield>
    <subfield code="c">Benito Arias Montano ; estudio introductorio, edici&#xF3;n cr&#xED;tica, traducci&#xF3;n anotada e &#xED;ndices Antonio D&#xE1;vila P&#xE9;rez ; pr&#xF3;logo de Eustaquio S&#xE1;nchez Salor.</subfield>
  </datafield>
  <datafield tag="260" ind1=" " ind2=" ">
    <subfield code="a">Madrid, (Espa&#xF1;a) :</subfield>
    <subfield code="b">Instituto de Estudios Human&#xED;sticos ;</subfield>
    <subfield code="b">Laberinto ;</subfield>
    <subfield code="b">CSIC,</subfield>
    <subfield code="c">2002.</subfield>
  </datafield>
  <datafield tag="300" ind1=" " ind2=" ">
    <subfield code="a">v. 2 ;</subfield>
    <subfield code="c">24 cm.</subfield>
  </datafield>
  <datafield tag="490" ind1="1" ind2=" ">
    <subfield code="a">Palmyrenus</subfield>
    <subfield code="v">3</subfield>
  </datafield>
  <datafield tag="490" ind1="1" ind2=" ">
    <subfield code="a">Textos y estudios human&#xED;sticos</subfield>
  </datafield>
  <datafield tag="500" ind1=" " ind2=" ">
    <subfield code="a">La biblioteca s&#xF3;lo posee el volumen 2.</subfield>
  </datafield>
  <datafield tag="504" ind1=" " ind2=" ">
    <subfield code="a">Incluye referencias bibliogr&#xE1;ficas</subfield>
  </datafield>
  <datafield tag="600" ind1="1" ind2="4">
    <subfield code="a">ARIAS MONTANO, BENITO,</subfield>
    <subfield code="d">1527-1598</subfield>
    <subfield code="v">CORRESPONENCIA</subfield>
    <subfield code="9">40163</subfield>
  </datafield>
  <datafield tag="610" ind1="2" ind2="4">
    <subfield code="a">IGLESIA CAT&#xD3;LICA</subfield>
    <subfield code="z">EUROPA</subfield>
    <subfield code="x">CLERO</subfield>
    <subfield code="v">CORRESPONDENCIA</subfield>
    <subfield code="9">40164</subfield>
  </datafield>
  <datafield tag="650" ind1=" " ind2="4">
    <subfield code="a">Eruditos b&#xED;blicos</subfield>
    <subfield code="z">Europa</subfield>
    <subfield code="v">CORRESPONDENCIA</subfield>
    <subfield code="9">40165</subfield>
  </datafield>
  <datafield tag="650" ind1=" " ind2="4">
    <subfield code="a">Humanistas</subfield>
    <subfield code="z">Europa</subfield>
    <subfield code="v">CORRESPONDENCIA</subfield>
    <subfield code="9">40166</subfield>
  </datafield>
  <datafield tag="700" ind1="1" ind2=" ">
    <subfield code="a">D&#xE1;vila P&#xE9;rez, Antonio,</subfield>
    <subfield code="e">ed.</subfield>
    <subfield code="9">40167</subfield>
  </datafield>
  <datafield tag="700" ind1="1" ind2=" ">
    <subfield code="a">S&#xE1;nchez Salor, Eustaquio,</subfield>
    <subfield code="e">pr&#xF3;l.</subfield>
    <subfield code="9">25541</subfield>
  </datafield>
  <datafield tag="710" ind1="1" ind2=" ">
    <subfield code="a">Museum Plantin-Moretus.</subfield>
    <subfield code="9">40168</subfield>
  </datafield>
  <datafield tag="830" ind1=" " ind2="0">
    <subfield code="a">Palmyrenus :</subfield>
    <subfield code="p">Textos y Estudios Human&#xED;sticos,</subfield>
    <subfield code="v">3</subfield>
    <subfield code="9">40169</subfield>
  </datafield>
  <datafield tag="910" ind1=" " ind2=" ">
    <subfield code="a">Catalogaci&#xF3;n derivada / LC</subfield>
  </datafield>
  <datafield tag="049" ind1=" " ind2=" ">
    <subfield code="a">BNGR</subfield>
  </datafield>
  <datafield tag="952" ind1=" " ind2=" ">
    <subfield code="0">0</subfield>
    <subfield code="1">0</subfield>
    <subfield code="5">0</subfield>
    <subfield code="7">1</subfield>
    <subfield code="8">MO</subfield>
    <subfield code="a">GR</subfield>
    <subfield code="b">GR</subfield>
    <subfield code="c">CT</subfield>
    <subfield code="d">2010-05-11</subfield>
    <subfield code="i">LF1</subfield>
    <subfield code="l">0</subfield>
    <subfield code="o">383.122 A696c</subfield>
    <subfield code="p">18572-10</subfield>
    <subfield code="r">2020-06-25</subfield>
    <subfield code="w">2020-06-25</subfield>
    <subfield code="y">1</subfield>
    <subfield code="Z">No se presta</subfield>
  </datafield>
  <datafield tag="999" ind1=" " ind2=" ">
    <subfield code="c">18092</subfield>
    <subfield code="d">18092</subfield>
  </datafield>
</record>
